书目信息 |
| 题名: |
标点符号实用手册
|
|
| 作者: | 苏培成 著 | |
| 分册: | ||
| 出版信息: | 北京 语文出版社 1999.01 |
|
| 页数: | 214页 | |
| 开本: | 32开 | |
| 丛书名: | ||
| 单 册: | ||
| 中图分类: | H155-62 | |
| 科图分类: | ||
| 主题词: | 汉语--写作 , 汉语--修辞 | |
| 电子资源: | ||
| ISBN: | 7-80126-458-4 | |
| 000 | 00577nam0 2200205 45 | |
| 001 | 0012151508 | |
| 005 | 20001215160044.3 | |
| 010 | @a7-80126-458-4@d11.00元 | |
| 100 | @a20001215d1999 km y0chiy0120 ea | |
| 101 | 0 | @achi |
| 105 | @a z 000yy | |
| 200 | 1 | @a标点符号实用手册@ABiao Dian Fu Hao Shi Yong Shou Ce@f苏培成著@FSu Pei Cheng Zhu |
| 210 | @a北京@c语文出版社@d1999.01 | |
| 215 | @a214页@d32开 | |
| 606 | 0 | @a汉语@x写作 |
| 606 | 0 | @a汉语@x修辞 |
| 690 | @aH155-62@v3 | |
| 701 | 0 | @a苏培成@4著 |
| 801 | @aCN@bPftUser@c20001215 | |
| 905 | @b313943-945@dH155-62@eS119@f3 | |
| 标点符号实用手册/苏培成著.-北京:语文出版社,1999.01 |
| 214页;32开 |
| ISBN 7-80126-458-4:11.00元 |
| ● |
| 相关链接 |
|
|
|
正题名:标点符号实用手册
索取号:H155-62/S119
 
预约/预借
| 序号 | 登录号 | 条形码 | 馆藏地/架位号 | 状态 | 备注 |
| 1 | 313943 | 203139433 | 语言库209/209语言库 76排3列6层/ [索取号:H155-62/S119] | 在馆 | |
| 2 | 313944 | 203139442 | 语言库209/209语言库 76排3列6层/ [索取号:H155-62/S119] | 在馆 | |
| 3 | 313945 | 203139451 | 语言库209/209语言库 76排3列6层/ [索取号:H155-62/S119] | 在馆 |